000 00503nam a22001337a 4500
040 _cRUA
082 _aVEM CHU 2014 B443 Or.1
100 _aCHUT CHANPHANIT; ជុត ច័ន្ទផានិត្យ
245 _aStudy on situatio and endoparasites of cattle's antemortem in slaughterhouse at svay rieng province;
260 _aPhnom Penh
_bRUA
_c2014
300 _ax;50p.
_bill.
_c29cm.
856 _uhttps://drive.google.com/file/d/16_T7-wI_xkhQ0Wr4E7Bw2kCDBHG9WpF3/view?usp=sharing
942 _cVEM
999 _c7306
_d7306